Clubs de football ayant gagné une ligue des champions - Statistiques

Statistiques générales
  • Ce quiz a été pris 252 fois
    225 depuis la dernière actualisation
  • Le résultat moyen est 15 sur 23
Statistiques - réponses
Réponse % Correct
Real Madrid
96%
FC Barcelone
94%
Manchester United
92%
Manchester City
91%
Olympique de Marseille
89%
AC Milan
88%
Bayern Munich
87%
Liverpool
87%
Chelsea FC
82%
Inter Milan
81%
Borussia Dortmund
78%
Juventus de Turin
75%
FC Porto
66%
Ajax Amsterdam
64%
SL Benfica
61%
Etoile rouge de Belgrade
48%
Celtic Glasgow
42%
PSV Eindhonven
42%
Aston Villa
39%
Hambourg SV
35%
Feyenoord Rotterdam
31%
Notingham Forest
25%
Steaua de Bucarest
15%
Aucun quiz correspondant
Distribution des résultats
% des personnes avec chaque résultat
Percentile par nombre de réponses
Votre historique - résultats
Vous n’avez pas pris ce quiz depuis la dernière actualisation